| 000 | 00776cab a2200217 4500 | ||
|---|---|---|---|
| 001 | X3135 | ||
| 008 | 090401t1996 xxu||||| |||| 00| 0 eng d | ||
| 035 | _a(Sirsi) u28642 | ||
| 041 | _aeng | ||
| 245 | _aGreenwich LBC v Regan | ||
| 260 | _c1996 | ||
| 350 | _a0 | ||
| 490 |
_aNew Property Cases _v1996 NPC 10 |
||
| 520 | _aCA 31 January 1996. When landlord and tenant agree to vary the terms of their arrangementsm it is a matter of fact in every case whether they are continuing their existing arrangement or creating a new relationship. (NO PHOTOCOPYING ALLOWED) | ||
| 650 | _aHOUSING ACT 1985 PART IV | ||
| 650 | _aNON-PAYMENT OF RENT | ||
| 650 | _aPOSSESSION | ||
| 690 | _aLANDLORD AND TENANT-CASE LAW-RESIDENTIAL TENANCIES | ||
| 942 | _n0 | ||
| 948 | _c04/03/1997 | ||
| 999 |
_c19259 _d19259 |
||